000 00246nam a2200109Ia 4500
008 190216s9999||||xx |||||||||||||| ||und||
100 _aUmakanth R
245 0 _aHindi-Sorabne Ke Sad Sad Kamj
260 _bCjr Tes
650 _aHindi
942 _cBK
999 _c15477
_d15477